CAIRO : a critical analysis of microsoft's object-oriented strategy

Αποθηκεύτηκε σε:
Λεπτομέρειες βιβλιογραφικής εγγραφής
Κύριος συγγραφέας: Bermant, Charles
Μορφή: Βιβλίο
Γλώσσα:English
Δημοσίευση: South Carolina : Computer Technology Research Corp., 1995.
Θέματα:
Ετικέτες: Προσθήκη ετικέτας
Δεν υπάρχουν, Καταχωρήστε ετικέτα πρώτοι!

MARC

LEADER 00000cam a2200000 i 4500
001 1/34956
008 960920s1995 scu| ||| |||| ||eng||
020 |a 1566070325 
035 |a ΠΑΡ-1995  |b 06/30  |c Σακελλαρίδης  |l 10024217 
040 |a GR-MyUa  |b gre  |e AACR2 
041 0 |a eng 
082 7 |a 005.44   |2 (22) 
100 1 |a Bermant, Charles. 
245 1 0 |a CAIRO :   |b a critical analysis of microsoft's object-oriented strategy /   |c Charles Bermant.  
260 |a South Carolina :   |b Computer Technology Research Corp.,   |c 1995.  
500 |a Περιλαμβάνει ευρετήριο. 
630 0 0 |a Cairo (Computer file) 
650 0 |a Object-oriented programming (Computer science) 
852 |a INST  |b CHIOS  |e 19960920  |h 005.44 BER  |p 005200011700  |q 005200011700  |t BK  |y 0